|
|
|
|
| LEADER |
00000nam a2200000 a 4500 |
| 001 |
vtls009451376 |
| 003 |
SK-MaSNL |
| 005 |
20260301024445.0 |
| 008 |
240314s2008 xo f 000 0 slo |
| 015 |
|
|
|a SNBA2009/01-00060
|
| 020 |
|
|
|a 9788081000942
|q (brož.)
|
| 035 |
|
|
|a 56E98E71-35F6-43ED-80CF-467004CD3B8E
|
| 035 |
|
|
|a urn:nbn:sk:snk-amjf1x
|
| 035 |
|
|
|a urn:nbn:sk:snk-am002e8h
|
| 040 |
|
|
|a SNK
|b slo
|c SNK
|e AACR2
|
| 041 |
0 |
|
|a slo
|h cze
|
| 044 |
|
|
|a xo
|c SK
|
| 072 |
|
7 |
|a 159.92
|x Vývinová psychológia. Psychológia osobnosti
|2 konspekt
|
| 080 |
|
|
|a 159.923.5
|2 2001
|
| 080 |
|
|
|a 165.242.1
|2 2001
|
| 080 |
|
|
|a 17.02
|2 2001
|
| 080 |
|
|
|a 27-584.5
|2 2001
|
| 080 |
|
|
|a 17.024.4
|2 2001
|
| 080 |
|
|
|a 316.472.4
|2 2001
|
| 080 |
|
|
|a (0.062)
|2 2001
|
| 080 |
|
|
|a (0:82-32)
|2 2001
|
| 100 |
1 |
|
|a Jordánová, Zdeňka,
|d 1956-
|4 aut
|9 318539
|
| 240 |
1 |
0 |
|a Poznej svůj cíl
|l Slovensky
|
| 245 |
1 |
0 |
|a Spoznaj svoj cieľ
|c Zdeňka Jordánová
|
| 250 |
|
|
|a 1. vyd.
|
| 260 |
|
|
|a Bratislava
|b Alexander Giertli - Eugenika
|c 2008
|
| 300 |
|
|
|a 242 s.
|c 18 cm
|
| 650 |
0 |
7 |
|a sebavýchova
|2 SNKPH
|9 4290
|
| 650 |
0 |
7 |
|a sebapoznanie
|2 SNKPH
|9 4292
|
| 650 |
0 |
7 |
|a životná harmónia
|2 SNKPH
|9 4976
|
| 650 |
0 |
7 |
|a duchovná cesta
|2 SNKPH
|9 67470
|
| 650 |
0 |
7 |
|a úspech
|2 SNKPH
|9 3804
|
| 650 |
0 |
7 |
|a interpersonálne vzťahy
|2 SNKPH
|9 3770
|
| 655 |
|
7 |
|a populárno-náučné publikácie
|2 SNKPH
|9 70460
|
| 655 |
|
7 |
|a príbehy
|2 SNKPH
|9 70507
|
| 919 |
|
|
|a 978-80-810é-094-2
|
| 968 |
|
|
|b ČES
|d 1
|
| 999 |
|
|
|c 571175
|d 573105
|
| 952 |
|
|
|a SNK
|b SNK
|y PREZ
|7 0
|p 17A0605946
|o snkSD 77901
|i snk2008/23034
|8 0
|0 0
|1 0
|4 0
|d 2008-12-03
|l 0
|r 2025-11-25 00:00:00
|w 2026-02-23
|
| 952 |
|
|
|a SNK
|b SNK
|y VYP
|7 0
|p 17A0677710
|o snkSD 77901 D1
|i snk2008/23035
|8 0
|0 0
|1 0
|4 0
|d 2008-12-03
|f 1
|l 0
|r 2026-02-23 14:15:17
|w 2026-02-23
|